Statistiken für Hessen - Quiz

Klicken Sie hier um das Quiz zu spielen!

Allgemein

  • Dieses Quiz wurde 7.590 mal gespielt
  • Das Durchschnittsergebnis liegt bei 11 aus 20

Antwortstatistiken

HinweisAntwort% Korrekt
Größte Stadt und FinanzzentrumFrankfurt
99%
HauptstadtWiesbaden
96%
Fluss, der einen großen Teil der Grenze zu Rheinland-Pfalz bildetRhein
81%
Einer der bedeutendsten deutschen Dichter und Verfasser von "Faust"Johann Wolfgang von Goethe
80%
Drittgrößte StadtKassel
70%
Europäische Institution in dieser StadtEuropäische Zentralbank
69%
Stadt, bei der ein terroristischer Anschlag im Jahr 2020 neun Todesopfer forderteHanau
65%
Diese Strafe erlaubte die hessische Verfassung noch bis zum Jahr 2018 (sie fand aber keine Anwendung, da das Bundesgesetz dies nicht erlaubt)Todesstrafe
65%
Tier, das auf dem hessischen Landeswappen zu sehen istLöwe
64%
Beliebter FruchtweinApfelwein
55%
International ist die größte Stadt nicht nur als Finanzzentrum bekannt, sondern auch für den größten deutschen...Flughafen
50%
Längster Fluss innerhalb HessensFulda
47%
Universitätsstadt an der LahnMarburg
47%
Chemisches Element, das nach einer Stadt benannt istDarmstadtium
45%
Stadt, die nach dem zweiten Weltkrieg Standort für US-Truppen wurde und in der man auch die Steuben-Kaserne findetGießen
38%
Einziges deutsches Gebiet mit einer höheren Industriedichte als das Rhein-Main-GebietRuhrgebiet
33%
Höchster WolkenkratzerCommerzbank Tower
31%
Gebirge, dem dieser Berg zuzuordnen istRhön
31%
Höchster Berg in Hessen
Wasserkuppe
29%
Einziger Nationalpark, der teilweise auch zum UNESCO-Weltnaturerbe gehörtKellerwald-Edersee
11%

Verteilung der Resultate

Perzentil nach korrekt beantworteten Fragen

Anzahl Personen mit jedem Resultat

Ihre Resultats-Entwicklung

Sie haben dieses Quiz noch nicht gespielt